00974nam a22001817a 4500003000900000008004100009040007100050082002000121245007400141260003600215300004500251440005200296505033800348650002500686650002800711650002400739700002900763AR-CdUCM190425b ||||| |||| 00| 0 spa d aMUNICIPALIDAD PROVINCIAL DEL CUSCOcBIBLIOTECA MUNICIPAL DEL CUSCO aNueva/N°3/1997 aNueva imagen :brevista informativa /cConcha Rivera, Eddie, Director aCusco.bSanta Magdalena,c1997. a31 páginas. :bilustraciones ;c28 cm. aNueva imagen.nAño 1, N°3, junio julio 1997. aContenido: Edición especial en homenaje a Cusco. -- El Inti Raymi en los tiempos de los incas. -- Desarrollo industrial en la región inka. -- Balcones del Cusco. -- Génesis y escenario del Huayno. -- Los problemas del niño. -- Culturales. Adolfo Sardón. -- Culturales Mariela Bravo Salas. Los Santos de nuestros medios. ... aArte contemporáneo aArquitectura cusqueña aFolklore cusqueño aMalpartida Barral, Zoila